|
|
|
|
| LEADER |
00000nbm0a2200000 4500 |
| 001 |
55043 |
| 005 |
20231031050913.0 |
| 035 |
|
|
|a (RuTPU)RU\TPU\book\57749
|
| 090 |
|
|
|a 55043
|
| 100 |
|
|
|a 20030903d1977 k y0rusy50 ca
|
| 101 |
0 |
|
|a rus
|
| 102 |
|
|
|a RU
|
| 105 |
|
|
|a a m 001zy
|
| 200 |
1 |
|
|a Предварительная разведка месторождения "Инна"
|e пояснительная записка к дипломному проекту
|f А. А. Поцелуев
|g Томский политехнический институт ; науч. рук. Л. П. Рихванов
|
| 210 |
|
|
|a Томск
|d 1977
|
| 215 |
|
|
|a 156 л.
|c ил.
|e Приложение: граф.
|
| 320 |
|
|
|a Библиогр.: с. 151-153 (30 назв.)
|
| 371 |
0 |
|
|a For_staff_use
|
| 610 |
1 |
|
|a геология
|
| 610 |
1 |
|
|a урановые месторождения
|
| 610 |
1 |
|
|a Казахстан
|
| 610 |
1 |
|
|a месторождение Инна
|
| 610 |
1 |
|
|a разведка
|
| 610 |
1 |
|
|a оценка
|
| 610 |
1 |
|
|a дипломные проекты
|
| 675 |
|
|
|a 553.495(04.067)
|v 3
|
| 700 |
|
1 |
|a Поцелуев
|b А. А.
|c геолог
|c профессор Томского политехнического университета, доктор геолого-минералогических наук
|f 1952-
|g Анатолий Алексеевич
|2 stltpush
|3 (RuTPU)RU\TPU\pers\26071
|
| 702 |
|
1 |
|a Рихванов
|b Л. П.
|c российский ученый, геолог
|c профессор Томского политехнического университета, доктор геолого-минералогических наук
|c заслуженный геолог РФ
|c почетный работник высшего образования РФ
|f 1945-
|g Леонид Петрович
|2 stltpush
|4 727
|
| 712 |
0 |
2 |
|a Томский политехнический институт
|2 stltpush
|3 (RuTPU)RU\TPU\col\1123
|
| 801 |
|
1 |
|a RU
|b 63413507
|c 20030903
|g PSBO
|
| 801 |
|
2 |
|a RU
|b 63413507
|c 20150720
|g PSBO
|
| 942 |
|
|
|c BK
|